[Event "Cappelle op 31st"]
[Site "Cappelle-la-Grande"]
[Date "2015.03.06"]
[Round "8"]
[White "Mekhitarian, Krikor Sevag"]
[Black "Li, Chao B"]
[Result "0-1"]
[WhiteElo "2556"]
[BlackElo "2728"]
[Annotator "RR"]
[PlyCount "86"]
[EventDate "2015.02.28"]
[EventType "swiss"]
[EventRounds "9"]
[EventCountry "FRA"]
[SourceTitle "EXT 2016"]
[Source "ChessBase"]
[SourceDate "2015.10.08"]
[SourceVersion "1"]
[SourceVersionDate "2015.10.08"]
[SourceQuality "1"]

1. d4 {[%emt 0:00:00]} Nf6 {[%emt 0:03:43]} 2. c4 {[%emt 0:00:00]} g6 {[%emt 0:
00:30]} 3. Nc3 {[%emt 0:00:00]} d5 {[%emt 0:00:08]} 4. Nf3 {[%emt 0:00:02]} Bg7
{[%emt 0:00:06]} 5. Bf4 {[%emt 0:00:18]} O-O {[%emt 0:03:34]} 6. e3 {[%emt 0:
00:05]} c5 {[%emt 0:04:08]} 7. dxc5 {[%emt 0:00:06]} Ne4 {[%emt 0:00:16]} 8.
Rc1 {[%emt 0:00:40]} Nxc3 {[%emt 0:07:50]} 9. bxc3 {[%emt 0:00:06]} Qa5 {
[%emt 0:12:38] Après réflexion d'une douzaine de minutes, les Noirs évitent
la ligne principale dc4} (9... dxc4 10. Qxd8 Rxd8 11. Bxc4 Nd7 12. Rd1 Rf8 13.
Bg5 Bxc3+ 14. Ke2 Bf6 15. Bxf6 exf6 16. Rd5 Re8 17. Rc1 Kg7 18. Nd4 Nf8 19. Nb5
Re7 20. Nd6 Be6 21. Rd2 Rc7 22. Bb3 Bxb3 23. axb3 Ne6 24. b4 a6 25. Rcd1 Rb8
26. Nc4 a5 27. Nxa5 b6 28. cxb6 Rxb6 29. Rb2 Rb5 30. g3 f5 31. h4 Kf6 32. Rd3
Ke5 33. f3 Kf6 34. Kd2 h6 35. Rc3 Ra7 36. Nc6 Ra1 37. Nd4 Nxd4 38. exd4 Rg1 39.
Kd3 {Moiseenko,A (2709)-Howell,D (2644) Warsaw 2013 1-0}) 10. cxd5 {[%emt 0:00:
28]} Nd7 {[%emt 0:04:02]} (10... Bxc3+ 11. Nd2 Nd7 12. Qc2 Bb4 (12... Bg7 13.
Be2 Nf6 14. e4 $44 {[%csl Gd5,Ge4]} Bd7) 13. Be2 $44 {[%csl Rb4]}) 11. Qb3 {
[%emt 0:06:39]} b6 $1 $146 {[%emt 0:08:34] Le temps de réflexion montre qu'il
ne s'agissait pas d'une préparation maison des Noirs} (11... Nxc5 12. Qb4 Qb6
{Belous,V (2524)-Matlakov,M (2625) RUS-ch U20 St Petersburg 2011 (9) 1-0} (
12... Qxb4 13. cxb4)) 12. cxb6 {[%emt 0:18:50] Après une longue réflexion le
brésilien accepte le P offert mais au risque d'un sérieux retard de
developpement} (12. c6 Nc5 13. Qb2 (13. Qc2 Bf5 $32) 13... Bf5 14. Be5 $13 {
[%csl Re1]}) 12... Bb7 {[%emt 0:13:43]} (12... axb6 $143 13. Bc4 {[%cal Gb3a2]}
) 13. Bb5 {[%emt 0:29:42] Les Blancs avaent joué très rapidement l'ouverture
mais la transition en millieu de partie est plus délicate avec une 1/2h de
réflexion sur cette position critique} (13. Bc4 Nxb6) 13... Nc5 {[%emt 0:01:
12]} 14. Qb4 {[%emt 0:03:08]} axb6 {[%emt 0:00:19]} 15. O-O {[%emt 0:01:34]}
Bxd5 $132 {[%emt 0:00:20] Les pièces Noires sont trés actives} 16. Qxa5 {
[%emt 0:14:31] La finale semble assez difficile pour les Blancs après cet
échange} (16. Rfd1 {[%cal Gd1d5]} Bxa2 17. Ne5 $132 {[%cal Ge5c6,Gc6a5,Gc6e7]}
) 16... Rxa5 {[%emt 0:00:17]} 17. c4 {[%emt 0:00:05]} Bxf3 {[%emt 0:04:26]} 18.
gxf3 {[%emt 0:03:12]} Nd3 {[%emt 0:00:05]} (18... Rxa2 19. Rfd1) 19. Rc2 $6 {
[%emt 0:04:26]} Nxf4 {[%emt 0:00:20]} 20. exf4 {[%emt 0:00:03] Le P
supplémentaire des Blancs ne vaut pas grand-chose avec une structure aussi
laide.} Ra3 {[%emt 0:01:44]} 21. Re1 {[%emt 0:01:16]} e6 $17 {[%emt 0:01:57]}
22. Re3 {[%emt 0:00:34]} Rfa8 {[%emt 0:00:13]} 23. Rxa3 {[%emt 0:00:36]} Rxa3 {
[%emt 0:00:05]} 24. Kg2 {[%emt 0:00:06]} Bc3 $1 {[%emt 0:00:52] Recycler le B
en "c5" permettra de fixer la faiblesse "c4" tout en faisant pression sur
l'autre faiblesse "f2"} 25. Re2 {[%emt 0:04:25]} Bb4 {[%emt 0:00:11]} 26. Kg3 {
[%emt 0:02:02]} Kf8 {[%emt 0:00:19]} 27. Rb2 {[%emt 0:00:16]} Bd6 {[%emt 0:00:
48]} (27... Bc5) 28. Rd2 {[%emt 0:00:42]} Ke7 {[%emt 0:00:19]} 29. Kg2 {
[%emt 0:02:36]} f5 $1 {[%emt 0:21:08] Ne pas se presser en finale et la
faiblesse "f4" est indéfendable} (29... Bxf4 $143 30. Rd7+ Kf6 31. Rb7) 30.
Bc6 {[%emt 0:03:25]} Bxf4 {[%emt 0:00:07]} (30... Bc5 31. Kg3 Kf6) 31. Rb2 {
[%emt 0:01:11]} (31. Rd7+ Kf6 32. Rxh7) 31... Be5 {[%emt 0:06:13]} 32. Rxb6 {
[%emt 0:01:18]} Rxa2 {[%emt 0:00:29]} 33. Rb7+ {[%emt 0:01:30]} Kd6 {[%emt 0:
00:08] Gagnant un tempo important et avec un Bb5, les Blancs pouvaient
probablement annuler en simplifiant la position par la prise en "h7"} 34. Be8
$1 {[%emt 0:00:34]} Bd4 {[%emt 0:00:08]} 35. Rxh7 {[%emt 0:00:21] La finale
n'est pas si claire mais il est difficile pour les Blancs d'arriver à
échanger les R} g5 {[%emt 0:01:41]} 36. Rd7+ $2 {[%emt 0:02:33]} (36. h4 {
Continuer la simplification paraissait plus sain} Rxf2+ 37. Kg3 f4+ 38. Kg4)
36... Ke5 {[%emt 0:00:22]} 37. h4 {[%emt 0:00:32] Trop tard!} Rxf2+ {[%emt 0:
02:05]} 38. Kg3 {[%emt 0:00:11]} gxh4+ {[%emt 0:00:35] C'est la différence
avec la variante 36.h4 car la R ne protège plus le P} 39. Kxh4 {[%emt 0:00:10]
} Rxf3 $19 {[%emt 0:00:08]} 40. Kg5 {[%emt 0:00:00]} Rg3+ {[%emt 0:00:00]} 41.
Kh4 {[%emt 0:03:40]} Rc3 {[%emt 0:03:53]} 42. Rc7 {[%emt 0:00:24]} Bb6 {
[%emt 0:01:20]} 43. Rc8 {[%emt 0:00:53]} Kf6 {[%emt 0:00:55]} 0-1

[Event "Pocos de Caldas op"]
[Site "Pocos de Caldas"]
[Date "2015.03.13"]
[Round "1"]
[White "Medeiros, Thauane Ferreira"]
[Black "Mekhitarian, Krikor Sevag"]
[Result "0-1"]
[WhiteElo "1899"]
[BlackElo "2556"]
[PlyCount "76"]
[EventDate "2015.03.13"]
[EventType "swiss"]
[EventRounds "6"]
[EventCountry "BRA"]
[SourceTitle "CBM 165 Extra"]
[Source "ChessBase"]
[SourceDate "2015.04.21"]
[SourceVersion "1"]
[SourceVersionDate "2015.04.21"]
[SourceQuality "1"]

1. d4 Nf6 2. c4 g6 3. Nc3 d5 4. Bf4 Bg7 5. e3 O-O 6. Rc1 c5 7. h3 cxd4 8. exd4
Nc6 9. Nf3 b6 10. Be2 dxc4 11. Bxc4 Bb7 12. a3 Rc8 13. Ba2 Nh5 14. Be3 e5 15.
d5 Nd4 16. O-O Nf5 17. Bg5 f6 18. Be3 Nxe3 19. fxe3 Kh8 20. g4 Ng3 21. Rf2 f5
22. Rg2 f4 23. e4 Rxc3 24. Rxc3 Nxe4 25. Rcc2 Nd6 26. Rgf2 Re8 27. h4 h6 28.
Qc1 e4 29. Qxf4 exf3 30. Rxf3 Re4 31. Qg3 Be5 32. Qh3 Bc8 33. Qf1 Rxg4+ 34. Kf2
Qxh4+ 35. Ke2 Re4+ 36. Kd3 Rd4+ 37. Ke3 Qe4+ 38. Kf2 Qxc2+ 0-1

[Event "Pocos de Caldas op"]
[Site "Pocos de Caldas"]
[Date "2015.03.13"]
[Round "2"]
[White "Mekhitarian, Krikor Sevag"]
[Black "Da Silva, Cleber Alex"]
[Result "1-0"]
[WhiteElo "2556"]
[BlackElo "2049"]
[PlyCount "49"]
[EventDate "2015.03.13"]
[EventType "swiss"]
[EventRounds "6"]
[EventCountry "BRA"]
[SourceTitle "CBM 165 Extra"]
[Source "ChessBase"]
[SourceDate "2015.04.21"]
[SourceVersion "1"]
[SourceVersionDate "2015.04.21"]
[SourceQuality "1"]

1. e4 c5 2. Nf3 e6 3. d4 cxd4 4. Nxd4 Nc6 5. Nc3 a6 6. Nxc6 bxc6 7. Bd3 Qc7 8.
O-O Nf6 9. f4 Bc5+ 10. Kh1 h5 11. e5 Ng4 12. Ne4 Be7 13. h3 g6 14. hxg4 hxg4+
15. Kg1 Qb6+ 16. Rf2 g3 17. Nxg3 Bc5 18. Qe1 d5 19. exd6 Bxf2+ 20. Qxf2 Qxf2+
21. Kxf2 Kd7 22. Be3 Rh4 23. Rd1 f5 24. Ne2 a5 25. Nd4 1-0

[Event "Pocos de Caldas op"]
[Site "Pocos de Caldas"]
[Date "2015.03.14"]
[Round "3"]
[White "Terao, Juliana Sayumi"]
[Black "Mekhitarian, Krikor Sevag"]
[Result "0-1"]
[WhiteElo "2232"]
[BlackElo "2556"]
[PlyCount "106"]
[EventDate "2015.03.13"]
[EventType "swiss"]
[EventRounds "6"]
[EventCountry "BRA"]
[SourceTitle "CBM 165 Extra"]
[Source "ChessBase"]
[SourceDate "2015.04.21"]
[SourceVersion "1"]
[SourceVersionDate "2015.04.21"]
[SourceQuality "1"]

1. e4 e5 2. Nf3 Nc6 3. Bb5 Nf6 4. O-O Nxe4 5. Re1 Nd6 6. Nxe5 Be7 7. Nxc6 dxc6
8. Be2 O-O 9. Nc3 Nf5 10. d3 Be6 11. Ne4 Re8 12. c3 c5 13. Qc2 Qd7 14. Bg5 f6
15. Bf4 Rad8 16. Rad1 b6 17. a3 a5 18. Bf1 a4 19. Nd2 Bd5 20. b3 g5 21. Be3 Nh4
22. f3 axb3 23. Nxb3 Bxf3 24. gxf3 Nxf3+ 25. Kh1 Nxe1 26. Rxe1 Qd5+ 27. Kg1 Bf8
28. Nd2 f5 29. d4 Kh8 30. Bg2 Qd7 31. Nf3 f4 32. Bf2 Rxe1+ 33. Nxe1 cxd4 34.
Bxd4+ Bg7 35. Bxg7+ Kxg7 36. h3 Qd2 37. Qe4 Qe3+ 38. Qxe3 fxe3 39. Kf1 Rd2 40.
a4 Kf6 41. Be4 Rf2+ 42. Kg1 h5 43. Nc2 Ke5 44. Bg6 Kf4 45. Nd4 c5 46. Ne6+ Kg3
47. Nxg5 Rg2+ 48. Kf1 e2+ 49. Ke1 Kf4 50. Bxh5 Rxg5 51. Bxe2 Ke3 52. Kf1 Rf5+
53. Ke1 Rf2 0-1

[Event "Pocos de Caldas op"]
[Site "Pocos de Caldas"]
[Date "2015.03.14"]
[Round "4"]
[White "Mekhitarian, Krikor Sevag"]
[Black "Carneiro, Vitor Roberto Castr"]
[Result "1-0"]
[WhiteElo "2556"]
[BlackElo "2333"]
[PlyCount "69"]
[EventDate "2015.03.13"]
[EventType "swiss"]
[EventRounds "6"]
[EventCountry "BRA"]
[SourceTitle "CBM 165 Extra"]
[Source "ChessBase"]
[SourceDate "2015.04.21"]
[SourceVersion "1"]
[SourceVersionDate "2015.04.21"]
[SourceQuality "1"]

1. Nf3 Nf6 2. d4 g6 3. c4 Bg7 4. Nc3 O-O 5. e4 d6 6. h3 e5 7. d5 a5 8. g4 Na6
9. Be3 Nc5 10. Nd2 Bd7 11. Be2 c6 12. h4 cxd5 13. cxd5 Rc8 14. h5 gxh5 15. gxh5
h6 16. Rg1 Kh7 17. a4 Rg8 18. Bb5 Bxb5 19. Nxb5 Ncxe4 20. Qb1 Bh8 21. Rxg8 Qxg8
22. Nxe4 Qg1+ 23. Kd2 Qxb1 24. Nxf6+ Bxf6 25. Rxb1 Be7 26. Rc1 Rxc1 27. Kxc1
Kg7 28. Bb6 Kf6 29. Bc7 Kg5 30. Nxd6 Kxh5 31. Nxf7 Kg6 32. Nxe5+ Kf5 33. d6
Bg5+ 34. Kc2 h5 35. d7 1-0

[Event "Pocos de Caldas op"]
[Site "Pocos de Caldas"]
[Date "2015.03.15"]
[Round "5"]
[White "Molina, Roberto Junio Brito"]
[Black "Mekhitarian, Krikor Sevag"]
[Result "0-1"]
[WhiteElo "2431"]
[BlackElo "2556"]
[PlyCount "100"]
[EventDate "2015.03.13"]
[EventType "swiss"]
[EventRounds "6"]
[EventCountry "BRA"]
[SourceTitle "CBM 165 Extra"]
[Source "ChessBase"]
[SourceDate "2015.04.21"]
[SourceVersion "1"]
[SourceVersionDate "2015.04.21"]
[SourceQuality "1"]

1. d4 Nf6 2. c4 g6 3. Nc3 d5 4. Nf3 Bg7 5. Qb3 dxc4 6. Qxc4 O-O 7. e4 Nc6 8.
Bf4 Nd7 9. O-O-O Nb6 10. Qd3 Bg4 11. d5 Bxf3 12. Qxf3 Nd4 13. Qe3 e5 14. dxe6
fxe6 15. Bd3 Qf6 16. Bg3 e5 17. Kb1 Rad8 18. h4 h5 19. Nd5 Qf7 20. Rc1 Nxd5 21.
exd5 Nf5 22. Qe4 Kh7 23. Rhd1 Qxd5 24. Qxd5 Rxd5 25. Bxf5 Rxd1 26. Bxg6+ Kxg6
27. Rxd1 Rf7 28. Rd8 a5 29. Kc2 Kf5 30. Kd3 Bf6 31. Rd5 b6 32. b3 Rg7 33. Ke2
Ke6 34. Rd1 c5 35. Rd3 Rg4 36. Re3 Kd5 37. Rd3+ Ke6 38. Re3 e4 39. Bc7 Kd5 40.
Bxb6 Rxg2 41. Rg3 Rh2 42. Bxa5 Bxh4 43. Rg6 Rxf2+ 44. Kd1 Rxa2 45. Bc3 e3 46.
Kc1 e2 47. Rg1 e1=Q+ 48. Bxe1 Bxe1 49. Rg5+ Kc6 50. Rxh5 Bc3 0-1

[Event "Pocos de Caldas op"]
[Site "Pocos de Caldas"]
[Date "2015.03.15"]
[Round "6"]
[White "Mekhitarian, Krikor Sevag"]
[Black "Supi, Luis Paulo"]
[Result "1/2-1/2"]
[WhiteElo "2556"]
[BlackElo "2415"]
[PlyCount "39"]
[EventDate "2015.03.13"]
[EventType "swiss"]
[EventRounds "6"]
[EventCountry "BRA"]
[SourceTitle "CBM 165 Extra"]
[Source "ChessBase"]
[SourceDate "2015.04.21"]
[SourceVersion "1"]
[SourceVersionDate "2015.04.21"]
[SourceQuality "1"]

1. e4 c5 2. Nf3 Nc6 3. d4 cxd4 4. Nxd4 Nf6 5. Nc3 e5 6. Ndb5 d6 7. Bg5 a6 8.
Na3 b5 9. Nd5 Be7 10. Bxf6 Bxf6 11. c4 b4 12. Nc2 O-O 13. g3 a5 14. Bg2 Bg5 15.
O-O Ne7 16. Nce3 Bxe3 17. Nxe3 Be6 18. Qd2 Qc7 19. Rfd1 Rfd8 20. b3 1/2-1/2

[Event "Maraba op 2nd"]
[Site "Maraba"]
[Date "2015.04.24"]
[Round "1"]
[White "Silva, Valdecir Batista"]
[Black "Mekhitarian, Krikor Sevag"]
[Result "0-1"]
[WhiteElo "1756"]
[BlackElo "2568"]
[PlyCount "48"]
[EventDate "2015.04.24"]
[EventType "swiss"]
[EventRounds "6"]
[EventCountry "BRA"]
[SourceTitle "CBM 166 Extra"]
[Source "ChessBase"]
[SourceDate "2015.06.18"]
[SourceVersion "1"]
[SourceVersionDate "2015.06.18"]
[SourceQuality "1"]

1. e4 c5 2. Nf3 d6 3. Bc4 Nf6 4. d3 g6 5. Nc3 Bg7 6. Bg5 Nc6 7. Qd2 h6 8. Be3
a6 9. a3 b5 10. Ba2 Bg4 11. Ng1 e5 12. h3 Be6 13. Bxe6 fxe6 14. Nge2 Qe7 15. f4
d5 16. fxe5 Nxe4 17. dxe4 d4 18. O-O Nxe5 19. Bf4 Nc4 20. Qc1 dxc3 21. Nxc3 O-O
22. Bxh6 Rxf1+ 23. Kxf1 Qf8+ 24. Bf4 g5 0-1

[Event "Maraba op 2nd"]
[Site "Maraba"]
[Date "2015.04.24"]
[Round "2"]
[White "Mekhitarian, Krikor Sevag"]
[Black "Rocha, Vitor Firmo de Souz"]
[Result "1-0"]
[WhiteElo "2568"]
[BlackElo "2103"]
[PlyCount "85"]
[EventDate "2015.04.24"]
[EventType "swiss"]
[EventRounds "6"]
[EventCountry "BRA"]
[SourceTitle "CBM 166 Extra"]
[Source "ChessBase"]
[SourceDate "2015.06.18"]
[SourceVersion "1"]
[SourceVersionDate "2015.06.18"]
[SourceQuality "1"]

1. Nf3 d5 2. g3 Nf6 3. Bg2 c5 4. O-O Nc6 5. d4 e6 6. c4 Be7 7. cxd5 Nxd5 8.
dxc5 Bxc5 9. Qc2 Qe7 10. a3 a5 11. e4 Nc7 12. e5 h6 13. Nc3 O-O 14. Ne4 Ba7 15.
Bxh6 Nxe5 16. Nxe5 gxh6 17. Qd2 f5 18. Ng6 Qe8 19. Nxf8 fxe4 20. Nh7 Kxh7 21.
Bxe4+ Kg8 22. Qxh6 Qf7 23. Rac1 Nd5 24. Bh7+ Qxh7 25. Rxc8+ Rxc8 26. Qxe6+ Qf7
27. Qxc8+ Kg7 28. Qg4+ Kf8 29. a4 Bb6 30. Kg2 Ne7 31. Qf3 Nf5 32. Re1 Nd4 33.
Qxf7+ Kxf7 34. h4 Ne6 35. Re4 Nc5 36. Rf4+ Kg6 37. b4 axb4 38. Rxb4 Ba5 39. Rc4
b6 40. f4 Be1 41. Kf3 Kh5 42. Rd4 Ba5 43. Rd6 1-0

[Event "Maraba op 2nd"]
[Site "Maraba"]
[Date "2015.04.25"]
[Round "3"]
[White "Fernandes Filho, Bergson Fragoso"]
[Black "Mekhitarian, Krikor Sevag"]
[Result "0-1"]
[WhiteElo "2136"]
[BlackElo "2568"]
[PlyCount "76"]
[EventDate "2015.04.24"]
[EventType "swiss"]
[EventRounds "6"]
[EventCountry "BRA"]
[SourceTitle "CBM 166 Extra"]
[Source "ChessBase"]
[SourceDate "2015.06.18"]
[SourceVersion "1"]
[SourceVersionDate "2015.06.18"]
[SourceQuality "1"]

1. e4 e5 2. Nf3 Nc6 3. Bb5 a6 4. Ba4 Nf6 5. d3 Bc5 6. O-O d6 7. c3 O-O 8. Nbd2
Ne7 9. Bc2 Ng6 10. d4 exd4 11. cxd4 Ba7 12. Re1 d5 13. e5 Nh5 14. Nb3 Nhf4 15.
g3 Ne6 16. Qd3 b6 17. Nbd2 c5 18. b3 b5 19. Ba3 b4 20. Bb2 a5 21. h4 Qb6 22. h5
Ba6 23. Qf5 cxd4 24. Rf1 Rac8 25. Rad1 Rxc2 26. Qxc2 d3 27. Qb1 Ngf4 28. gxf4
Nxf4 29. Kh1 Qh6 30. Nh2 Qxh5 31. Ndf3 Qh3 32. Rg1 Bxf2 33. Rg4 Ne2 34. e6 d4
35. Rxd3 fxe6 36. Rxg7+ Kxg7 37. Nxd4 Bxd3 38. Ndf3+ Kg8 0-1

[Event "Maraba op 2nd"]
[Site "Maraba"]
[Date "2015.04.25"]
[Round "4"]
[White "Mekhitarian, Krikor Sevag"]
[Black "Perdomo, Leandro Daniel"]
[Result "1-0"]
[WhiteElo "2568"]
[BlackElo "2424"]
[PlyCount "151"]
[EventDate "2015.04.24"]
[EventType "swiss"]
[EventRounds "6"]
[EventCountry "BRA"]
[SourceTitle "CBM 166 Extra"]
[Source "ChessBase"]
[SourceDate "2015.06.18"]
[SourceVersion "1"]
[SourceVersionDate "2015.06.18"]
[SourceQuality "1"]

1. d4 Nf6 2. c4 g6 3. Nf3 Bg7 4. g3 O-O 5. Bg2 c6 6. Nc3 d5 7. cxd5 cxd5 8. Ne5
e6 9. O-O Nfd7 10. Nf3 Nc6 11. b3 a6 12. e4 Nf6 13. e5 Ne4 14. Bb2 Nxc3 15.
Bxc3 f6 16. exf6 Bxf6 17. Re1 Qd6 18. Qd2 Bd7 19. h4 Bg7 20. Re2 Rf5 21. Rae1
h6 22. Ne5 Nxe5 23. dxe5 Qc7 24. Bd4 Rc8 25. a4 b5 26. a5 h5 27. b4 Qc4 28. Rb1
Kh7 29. f4 Bf8 30. Bf1 Qc7 31. Rg2 Qb7 32. Bd3 Rc4 33. Bxc4 dxc4 34. Qe3 Qd5
35. Kh2 Bc6 36. Rgg1 Rf7 37. Bc3 Qe4 38. Qxe4 Bxe4 39. Rbd1 Bd3 40. Kg2 Be7 41.
Kf3 g5 42. hxg5 Bxg5 43. Ke3 Bh6 44. Rh1 Rg7 45. Rxh5 Rg4 46. Kf2 Rg6 47. Rdh1
Kg7 48. Bd2 Be4 49. R1h2 Bf5 50. R5h4 Kh7 51. Ke3 Kg7 52. Kd4 Rxg3 53. Rxh6
Rd3+ 54. Kc5 Rxd2 55. Rxd2 Kxh6 56. Rd6 c3 57. Kd4 c2 58. Rc6 Kh5 59. Ke3 Kg4
60. Kd2 Kxf4 61. Rxa6 Kxe5 62. Rb6 Kd4 63. a6 e5 64. a7 Be4 65. Rb8 Kc4 66.
a8=Q Bxa8 67. Rxa8 Kxb4 68. Re8 Kb3 69. Rxe5 b4 70. Kc1 Ka2 71. Ra5+ Kb3 72.
Ra7 Kc3 73. Rc7+ Kb3 74. Rxc2 Ka3 75. Kb1 b3 76. Rc3 1-0

[Event "Maraba op 2nd"]
[Site "Maraba"]
[Date "2015.04.26"]
[Round "5"]
[White "Rodi, Luis Ernesto"]
[Black "Mekhitarian, Krikor Sevag"]
[Result "1/2-1/2"]
[WhiteElo "2352"]
[BlackElo "2568"]
[PlyCount "127"]
[EventDate "2015.04.24"]
[EventType "swiss"]
[EventRounds "6"]
[EventCountry "BRA"]
[SourceTitle "CBM 166 Extra"]
[Source "ChessBase"]
[SourceDate "2015.06.18"]
[SourceVersion "1"]
[SourceVersionDate "2015.06.18"]
[SourceQuality "1"]

1. e4 e5 2. Nf3 Nc6 3. Bb5 a6 4. Ba4 Nf6 5. O-O Be7 6. d3 d6 7. c3 O-O 8. Nbd2
b5 9. Bb3 Na5 10. Bc2 c5 11. Re1 Nc6 12. a4 b4 13. Nc4 Be6 14. Ne3 Rb8 15. d4
bxc3 16. bxc3 cxd4 17. cxd4 Nb4 18. Bb1 Qc7 19. Bb2 Nc2 20. Qxc2 Qxc2 21. Bxc2
Rxb2 22. dxe5 dxe5 23. Nxe5 Bb4 24. Reb1 Bc3 25. Nd3 Rxc2 26. Nxc2 Bxa1 27.
Rxa1 Nxe4 28. f3 Nc3 29. Nc5 Rc8 30. Nxe6 fxe6 31. Ne3 Kf7 32. Kf1 Rc5 33. a5
Nd5 34. Nxd5 Rxd5 35. Ke2 Kf6 36. Ra4 Rb5 37. Ra2 g5 38. Kf2 h5 39. g3 g4 40.
Kg2 e5 41. fxg4 hxg4 42. h3 gxh3+ 43. Kxh3 Kf5 44. Kg2 Ke4 45. Kf2 Rb3 46. Ra4+
Kd3 47. Kf3 Rb8 48. Ra3+ Kd4 49. Ra4+ Kd3 50. Ra3+ Kd4 51. Ra4+ Kd5 52. g4 Rb3+
53. Kf2 e4 54. g5 Rf3+ 55. Ke2 Rg3 56. Rb4 Rxg5 57. Rb6 Rg2+ 58. Ke3 Rg3+ 59.
Ke2 Kd4 60. Rd6+ Ke5 61. Rxa6 Ra3 62. Ra8 Kf4 63. Rf8+ Ke5 64. Ra8 1/2-1/2

[Event "Maraba op 2nd"]
[Site "Maraba"]
[Date "2015.04.26"]
[Round "6"]
[White "Mekhitarian, Krikor Sevag"]
[Black "Mafra, Kaiser Luiz"]
[Result "1-0"]
[WhiteElo "2568"]
[BlackElo "2212"]
[PlyCount "103"]
[EventDate "2015.04.24"]
[EventType "swiss"]
[EventRounds "6"]
[EventCountry "BRA"]
[SourceTitle "CBM 166 Extra"]
[Source "ChessBase"]
[SourceDate "2015.06.18"]
[SourceVersion "1"]
[SourceVersionDate "2015.06.18"]
[SourceQuality "1"]

1. d4 Nf6 2. Nf3 g6 3. c4 Bg7 4. g3 O-O 5. Bg2 d6 6. Nc3 Nbd7 7. O-O a6 8. e4
e5 9. Qc2 exd4 10. Nxd4 Re8 11. Rd1 c6 12. h3 Qc7 13. Be3 Nc5 14. Re1 Bd7 15.
Rad1 a5 16. f4 b6 17. Bf2 h6 18. b3 Rad8 19. a3 Ne6 20. Nf3 Bc8 21. b4 axb4 22.
axb4 b5 23. cxb5 cxb5 24. Rc1 Bb7 25. Qd2 Qb8 26. Nd4 Nc7 27. Qd3 Bf8 28. Kh2
Rc8 29. Nb3 d5 30. e5 d4 31. Nxd4 Bxg2 32. Kxg2 Qb7+ 33. Qf3 Qxf3+ 34. Kxf3
Nfd5 35. Nxd5 Nxd5 36. Nxb5 Nxb4 37. Rxc8 Rxc8 38. Rd1 Nc6 39. Rd7 Bg7 40. Nd6
Rf8 41. Ke4 Nd8 42. Kd5 h5 43. Be3 Bh6 44. h4 Bg7 45. Bb6 Ne6 46. Nxf7 Rb8 47.
Kxe6 Rxb6+ 48. Rd6 Rb3 49. Rd8+ Kh7 50. Ng5+ Kh6 51. Kf7 Bf6 52. Kxf6 1-0

[Event "Belem Velha op 3rd"]
[Site "Belem"]
[Date "2015.04.30"]
[Round "1"]
[White "Almeida, Fernando Medrado"]
[Black "Mekhitarian, Krikor Sevag"]
[Result "0-1"]
[WhiteElo "1931"]
[BlackElo "2572"]
[PlyCount "96"]
[EventDate "2015.04.30"]
[EventType "swiss"]
[EventRounds "7"]
[EventCountry "BRA"]
[SourceTitle "CBM 166 Extra"]
[Source "ChessBase"]
[SourceDate "2015.06.18"]
[SourceVersion "1"]
[SourceVersionDate "2015.06.18"]
[SourceQuality "1"]

1. e4 c5 2. Nf3 d6 3. c3 Nf6 4. Qc2 Qc7 5. Bb5+ Nbd7 6. a4 a6 7. Be2 e6 8. d3
Be7 9. Bf4 O-O 10. O-O Re8 11. Nbd2 e5 12. Be3 d5 13. Rfc1 h6 14. Nf1 Nb8 15.
exd5 Nxd5 16. d4 cxd4 17. cxd4 Qxc2 18. Rxc2 e4 19. Ne5 Be6 20. Bc4 f6 21. Ng6
Nc6 22. Nxe7+ Rxe7 23. Ng3 Ndb4 24. Bxe6+ Rxe6 25. Rc4 Nd5 26. Rac1 Rd8 27. Rc5
Kf7 28. Ne2 Ncb4 29. Rb1 Nd3 30. Rc4 b5 31. axb5 axb5 32. Rc2 f5 33. Nc1 f4 34.
Bd2 b4 35. Nxd3 exd3 36. Rcc1 Re2 37. Rd1 Rc8 38. Be1 Rcc2 39. Rxd3 Rxb2 40.
Kf1 Rxf2+ 41. Bxf2 Rxb1+ 42. Ke2 Nc3+ 43. Kf3 Rf1 44. Rd2 Nd1 45. Ke2 Rxf2+ 46.
Kxd1 Rxd2+ 47. Kxd2 g5 48. Kd3 g4 0-1

[Event "Belem Velha op 3rd"]
[Site "Belem"]
[Date "2015.05.01"]
[Round "2"]
[White "Mekhitarian, Krikor Sevag"]
[Black "Martins, Clauber Figueiredo"]
[Result "1-0"]
[WhiteElo "2572"]
[BlackElo "2053"]
[PlyCount "49"]
[EventDate "2015.04.30"]
[EventType "swiss"]
[EventRounds "7"]
[EventCountry "BRA"]
[SourceTitle "CBM 166 Extra"]
[Source "ChessBase"]
[SourceDate "2015.06.18"]
[SourceVersion "1"]
[SourceVersionDate "2015.06.18"]
[SourceQuality "1"]

1. d4 e6 2. e4 d5 3. Nd2 Nf6 4. e5 Nfd7 5. Bd3 c5 6. c3 Nc6 7. Ngf3 Qb6 8. O-O
cxd4 9. cxd4 Nxd4 10. Nxd4 Qxd4 11. Nf3 Qb6 12. Qc2 h6 13. Bd2 Bb4 14. Bxb4
Qxb4 15. Rac1 O-O 16. Rfe1 b6 17. a3 Qf4 18. Rcd1 f5 19. Qc6 Rb8 20. Qxe6+ Kh8
21. Qd6 Re8 22. Bb5 Rb7 23. Rd4 Nxe5 24. Nxe5 Qxd4 25. Ng6+ 1-0

[Event "Belem Velha op 3rd"]
[Site "Belem"]
[Date "2015.05.01"]
[Round "3"]
[White "Cohen Farias, Paulo"]
[Black "Mekhitarian, Krikor Sevag"]
[Result "0-1"]
[WhiteElo "2242"]
[BlackElo "2572"]
[PlyCount "104"]
[EventDate "2015.04.30"]
[EventType "swiss"]
[EventRounds "7"]
[EventCountry "BRA"]
[SourceTitle "CBM 166 Extra"]
[Source "ChessBase"]
[SourceDate "2015.06.18"]
[SourceVersion "1"]
[SourceVersionDate "2015.06.18"]
[SourceQuality "1"]

1. e4 c5 2. Nf3 d6 3. d4 cxd4 4. Nxd4 Nf6 5. Nc3 e6 6. Bg5 Be7 7. Qd2 a6 8. f4
b5 9. a3 Bb7 10. Qe3 Nbd7 11. Be2 O-O 12. Bf3 Nb6 13. b3 Rc8 14. O-O Qc7 15.
Nce2 Qc5 16. Kh1 h6 17. Bh4 e5 18. Nf5 Qxe3 19. Nxe3 Rfe8 20. fxe5 dxe5 21.
Bxf6 Bxf6 22. Ng3 Bg5 23. Ngf5 g6 24. h4 Bf4 25. g3 Bxe3 26. Nxe3 Rc3 27. Rae1
h5 28. Rf2 Nd7 29. Nd1 Rc7 30. Nb2 Nf6 31. Rd2 Rc3 32. Kg2 Rec8 33. Ree2 Kf8
34. Nd1 Rxf3 35. Kxf3 Nxe4 36. Rxe4 f5 37. Nf2 fxe4+ 38. Nxe4 Rc3+ 39. Rd3 Rxc2
40. Ke3 Ke7 41. Nd6 Ba8 42. b4 Ke6 43. Ne8 Bc6 44. Nc7+ Kf5 45. Nxa6 Rg2 46.
Nc5 Rxg3+ 47. Ke2 Rg2+ 48. Ke3 Rh2 49. Rd6 Bh1 50. Nd7 Rxh4 51. Rf6+ Kg5 52.
Rf1 Rh3+ 0-1